| 000 | 00714nam a22001937a 4500 | ||
|---|---|---|---|
| 999 |
_c166991 _d166991 |
||
| 005 | 20190819171035.0 | ||
| 010 | _aUR-10382 | ||
| 020 |
_c250.00 _a9788193596203 |
||
| 035 | _aU-8937 | ||
| 037 |
_bDBAD/PUB _a- |
||
| 082 | _a840.8 | ||
| 100 | _aر و بينہ نسر ين | ||
| 245 |
_aسلمہ يا سمين نجمی -فکشن،فن ا و ر فنکا ر _cر و بينہ نسر ين |
||
| 246 |
_bSalma Yasmeen Najmi:Fiction,Fan Aur Fankar (Urdu) _aby Rubina Nasreen |
||
| 260 |
_aDelhi _bEducational Publishing House _c2017 ء |
||
| 270 |
_a3191,Vakil Street,Kucha Pandit,Lal Kuan, _bDelhi _e110006 _k23216162 _l- |
||
| 300 |
_a256 ص _c22 Cm(Hb) |
||
| 942 |
_2ddc _cUR _h840.8 _mر و ب |
||